Karácsonyi fenyőfa vásár Hogyan vásárolja karácsonyfáját a magyar lakosság

Bibliográfiai részletek
Szerző: Lepeták Lizandra Mercedes
További közreműködők: Totth Dr. Gedeon
Dokumentumtípus: Diplomadolgozat
Kulcsszavak:Fenyőfa
Fogyasztói magatartás
Fogyasztói szokások
Termékpolitika
Online Access:http://dolgozattar.uni-bge.hu/8510

MARC

LEADER 00000nta a2200000 i 4500
001 dolg8510
005 20170615115725.0
008 161209suuuu hu om 000 hun d
040 |a BGE Dolgozattár Repozitórium  |b hun 
041 |a hu 
100 1 |a Lepeták Lizandra Mercedes 
245 1 0 |a Karácsonyi fenyőfa vásár   |b Hogyan vásárolja karácsonyfáját a magyar lakosság  |c Lepeták Lizandra Mercedes  |h [elektronikus dokumentum] 
246 1 1
695 |a Fenyőfa 
695 |a Fogyasztói magatartás  
695 |a Fogyasztói szokások 
695 |a Termékpolitika 
700 1 |a Totth Dr. Gedeon  |e ths 
856 4 0 |u http://dolgozattar.uni-bge.hu/8510/1/Szakdoga_Feny%C5%91_Lepet%C3%A1k_LizandraV7.pdf  |z Dokumentum-elérés